000 00461nam a2200169Ia 4500
008 180921t2014 xxu||||| |||| 00| 0 sin d
041 _asin
080 _a294.3
_bAJA
100 _aAjan Brahmawanso Himi
245 _aමරණය මේ තරම් ම සුන්දර ද?
246 _aMaranaya Me tharamma Sundarada
260 _bSunera
_aNugegoda
_c2014
300 _b21 cm
942 _cBK
999 _c194
_d194
003 LK-CoDNM
040 _aLK-CoDNM
_dLK-CoDNM
_eLK-CoDNM